000 00565cab a2200229 4500
001 ABS60321
008 090401t1999 xxu||||| |||| 00| 0 eng d
035 _a(Sirsi) u92462
041 _aeng
100 _aDemetri, G.
245 _aNet asset
260 _c1999
350 _a0
490 _aBuilding
_v264(8080) 26 March 1999, 50-52(3)
650 _aCONSTRUCTION FIRMS
650 _aINTERNET
650 _aWEB SITES
650 _aWORLD WIDE WEB
690 _aMANAGEMENT-BUSINESS MANAGEMENT-INFORMATION MANAGEMENT
942 _n0
948 _c31/03/1999
999 _c58615
_d58615